| 000 | 00365nam a2200145Ia 4500 | ||
|---|---|---|---|
| 008 | 230917s9999||||xx |||||||||||||| ||und|| | ||
| 040 |
_e49573 _aMAIN |
||
| 041 | _aEnglish | ||
| 082 | _a823.7 E44S:G | ||
| 100 | _aSwinden, Patrick, ed. | ||
| 245 | 0 | _aGeorge Eliot middle march: A casebook | |
| 260 |
_aLondon _bMacmillan _c1972 |
||
| 300 | _a250 p. | ||
| 942 | _cBK | ||
| 999 |
_c153521 _d153521 |
||